<?xml version="1.0" encoding="UTF-8"?>
<collection xmlns="http://www.loc.gov/MARC21/slim">
 <record>
  <leader>00736nam a2200181 a 4500</leader>
  <controlfield tag="001">1/36374</controlfield>
  <controlfield tag="008">090122suuuu    nyua     b    00100 eng  </controlfield>
  <datafield tag="035" ind1=" " ind2=" ">
   <subfield code="l">38898</subfield>
  </datafield>
  <datafield tag="040" ind1=" " ind2=" ">
   <subfield code="a">DLC</subfield>
   <subfield code="b">GR-PeUP</subfield>
  </datafield>
  <datafield tag="082" ind1="0" ind2="0">
   <subfield code="a">338.91'73 UNI</subfield>
  </datafield>
  <datafield tag="110" ind1="2" ind2=" ">
   <subfield code="a">United States. Mutual Security Agency. Mission to Greece.</subfield>
  </datafield>
  <datafield tag="245" ind1="1" ind2="4">
   <subfield code="a">The story of the American Marshall plan in Greece :</subfield>
   <subfield code="b">July 1, 1948 to Jan. 1, 1952. Press release no. 1300 /</subfield>
   <subfield code="c">United States. Mutual Security Agency. Mission to Greece.</subfield>
  </datafield>
  <datafield tag="250" ind1=" " ind2=" ">
   <subfield code="a">2d ed.</subfield>
  </datafield>
  <datafield tag="260" ind1="0" ind2=" ">
   <subfield code="a">[χ.τ.] :</subfield>
   <subfield code="b">[χ.ό.],</subfield>
   <subfield code="c">c[195;].</subfield>
  </datafield>
  <datafield tag="300" ind1=" " ind2=" ">
   <subfield code="a">145 σ. :</subfield>
   <subfield code="b">εικ. ;</subfield>
   <subfield code="c">21 εκ.</subfield>
  </datafield>
  <datafield tag="650" ind1=" " ind2="4">
   <subfield code="a">Economic assistance, American</subfield>
   <subfield code="z">Greece.</subfield>
  </datafield>
  <datafield tag="650" ind1=" " ind2="4">
   <subfield code="a">Marshall Plan.</subfield>
  </datafield>
  <datafield tag="852" ind1=" " ind2=" ">
   <subfield code="a">INST</subfield>
   <subfield code="b">UNIPILB</subfield>
   <subfield code="c">MAIN</subfield>
   <subfield code="e">20090123</subfield>
   <subfield code="h">338.91'73 UNI</subfield>
   <subfield code="p">00157002</subfield>
   <subfield code="q">00157002</subfield>
   <subfield code="t">LOAN</subfield>
   <subfield code="y">0</subfield>
   <subfield code="4">1</subfield>
  </datafield>
 </record>
</collection>
